[Event "c14"]
[Site "?"]
[Date "2020.08.27"]
[Round "5.2"]
[White "Chyzy, Jakub"]
[Black "Fiszer, Bartosz"]
[Result "0-1"]
[BlackElo "1905"]
[WhiteElo "2005"]
[LiveChessVersion "1.4.8"]

1. e4 {[%clk 0:03:03]} c5 {[%clk 0:03:03]} 2. Nc3 {[%clk 0:03:03]} Nc6
{[%clk 0:03:02]} 3. Bb5 {[%clk 0:03:04]} Nd4 {[%clk 0:03:02]} 4. Bc4
{[%clk 0:03:06]} e6 {[%clk 0:02:59]} 5. Nf3 {[%clk 0:02:51]} Ne7 {[%clk 0:02:59]}
6. O-O {[%clk 0:02:49]} g6 {[%clk 0:02:54]} 7. Nxd4 {[%clk 0:02:49]} cxd4
{[%clk 0:02:54]} 8. Ne2 {[%clk 0:02:49]} Bg7 {[%clk 0:02:52]} 9. d3
{[%clk 0:02:49]} O-O {[%clk 0:02:48]} 10. f4 {[%clk 0:02:43]} d5 {[%clk 0:02:40]}
11. Bb3 {[%clk 0:02:37]} dxe4 {[%clk 0:02:37]} 12. dxe4 {[%clk 0:02:38]} b6
{[%clk 0:02:30]} 13. Kh1 {[%clk 0:02:33]} Bb7 {[%clk 0:02:28]} 14. Ng3
{[%clk 0:02:27]} Nc6 {[%clk 0:02:02]} 15. f5 {[%clk 0:02:00]} exf5
{[%clk 0:02:02]} 16. exf5 {[%clk 0:02:01]} Na5 {[%clk 0:01:50]} 17. fxg6
{[%clk 0:01:26]} hxg6 {[%clk 0:01:50]} 18. Bf4 {[%clk 0:01:01]} Nxb3
{[%clk 0:01:48]} 19. axb3 {[%clk 0:01:02]} Qd5 {[%clk 0:01:43]} 20. Qd2
{[%clk 0:01:02]} Rfe8 {[%clk 0:01:28]} 21. Rae1 {[%clk 0:01:00]} a6
{[%clk 0:01:07]} 22. Qf2 {[%clk 0:00:49]} b5 {[%clk 0:00:39]} 23. Bd2
{[%clk 0:00:36]} Rac8 {[%clk 0:00:13]} 24. Bc1 {[%clk 0:00:20]} Rxe1
{[%clk 0:00:13]} 25. Rxe1 {[%clk 0:00:21]} d3 {[%clk 0:00:13]} 26. cxd3
{[%clk 0:00:21]} Qxd3 {[%clk 0:00:14]} 27. Rf1 {[%clk 0:00:12]} Bd5
{[%clk 0:00:12]} 28. Ne2 {[%clk 0:00:13]} Qxb3 {[%clk 0:00:12]} 29. Nf4
{[%clk 0:00:13]} Bc4 {[%clk 0:00:12]} 30. Re1 {[%clk 0:00:11]} Qb4
{[%clk 0:00:12]} 31. h3 {[%clk 0:00:08]} Qc5 {[%clk 0:00:13]} 32. Qg3
{[%clk 0:00:09]} Qf5 {[%clk 0:00:13]} 33. Qe3 {[%clk 0:00:06]} Bf6
{[%clk 0:00:10]} 34. Bd2 {[%clk 0:00:05]} Qc5 {[%clk 0:00:11]} 35. Qg3
{[%clk 0:00:06]} Bg7 {[%clk 0:00:10]} 36. Be3 {[%clk 0:00:05]} Qf5
{[%clk 0:00:10]} 37. Bc1 {[%clk 0:00:06]} Rd8 {[%clk 0:00:10]} 38. Qf3
{[%clk 0:00:05]} Bd5 {[%clk 0:00:08]} 39. Nxd5 {[%clk 0:00:04]} Qxd5
{[%clk 0:00:08]} 40. Re8+ {[%clk 0:00:04]} Kh7 {[%clk 0:00:08]} 41. Rxd8
{[%clk 0:00:04]} Qxd8 {[%clk 0:00:09]} 42. Bf4 {[%clk 0:00:04]} Qd4
{[%clk 0:00:09]} 43. Qg3 {[%clk 0:00:05]} Qd1+ {[%clk 0:00:09]} 44. Kh2
{[%clk 0:00:07]} Bxb2 {[%clk 0:00:09]} 45. Qh4+ {[%clk 0:00:08]} Qh5
{[%clk 0:00:10]} 46. Qe7 {[%clk 0:00:09]} Qf5 {[%clk 0:00:10]} 47. Bg3
{[%clk 0:00:07]} Qf6 {[%clk 0:00:10]} 48. Qe4 {[%clk 0:00:05]} Bd4
{[%clk 0:00:10]} 49. Bh4 {[%clk 0:00:05]} Qe5+ {[%clk 0:00:11]} 50. Qxe5
{[%clk 0:00:05]} Bxe5+ {[%clk 0:00:12]} 51. Kg1 {[%clk 0:00:06]} b4
{[%clk 0:00:13]} 52. Kf1 {[%clk 0:00:05]} b3 {[%clk 0:00:14]} 0-1

[Event "c14"]
[Site "?"]
[Date "2020.08.27"]
[Round "5.3"]
[White "Paszkowski, Krystian"]
[Black "Myrmus, Mateusz"]
[Result "0-1"]
[BlackElo "1434"]
[WhiteElo "1812"]
[LiveChessVersion "1.4.8"]

1. c4 {[%clk 0:03:03]} Nf6 {[%clk 0:03:03]} 2. g3 {[%clk 0:03:04]} d5
{[%clk 0:03:04]} 3. cxd5 {[%clk 0:03:00]} Nxd5 {[%clk 0:03:05]} 4. Bg2
{[%clk 0:03:01]} g6 {[%clk 0:03:05]} 5. Nc3 {[%clk 0:02:58]} Nb6 {[%clk 0:03:06]}
6. Nf3 {[%clk 0:02:43]} Bg7 {[%clk 0:03:07]} 7. O-O {[%clk 0:02:43]} O-O
{[%clk 0:03:07]} 8. d3 {[%clk 0:02:25]} c6 {[%clk 0:03:05]} 9. Be3
{[%clk 0:01:56]} N8d7 {[%clk 0:02:44]} 10. Rc1 {[%clk 0:01:46]} Ne5
{[%clk 0:02:34]} 11. Nxe5 {[%clk 0:01:37]} Bxe5 {[%clk 0:02:34]} 12. Qc2
{[%clk 0:01:36]} Be6 {[%clk 0:02:32]} 13. a3 {[%clk 0:01:36]} Qd7
{[%clk 0:02:18]} 14. Ne4 {[%clk 0:01:33]} Bd6 {[%clk 0:02:05]} 15. Nc5
{[%clk 0:01:15]} Bxc5 {[%clk 0:01:56]} 16. Bxc5 {[%clk 0:01:15]} Bd5
{[%clk 0:01:43]} 17. e4 {[%clk 0:01:15]} Be6 {[%clk 0:01:44]} 18. Rfd1
{[%clk 0:01:07]} Rfd8 {[%clk 0:01:29]} 19. b4 {[%clk 0:01:02]} Rac8
{[%clk 0:01:19]} 20. d4 {[%clk 0:00:51]} Bh3 {[%clk 0:01:03]} 21. Bxh3
{[%clk 0:00:40]} Qxh3 {[%clk 0:01:03]} 22. Bxe7 {[%clk 0:00:40]} Re8
{[%clk 0:01:05]} 23. Bc5 {[%clk 0:00:25]} Qg4 {[%clk 0:01:04]} 24. Re1
{[%clk 0:00:24]} Nd7 {[%clk 0:00:59]} 25. Bd6 {[%clk 0:00:10]} Qe6
{[%clk 0:00:50]} 26. Bf4 {[%clk 0:00:07]} Nf6 {[%clk 0:00:48]} 27. f3
{[%clk 0:00:08]} Qd7 {[%clk 0:00:36]} 28. Be3 {[%clk 0:00:09]} h5
{[%clk 0:00:33]} 29. Qf2 {[%clk 0:00:06]} a6 {[%clk 0:00:31]} 30. Red1
{[%clk 0:00:07]} Qe6 {[%clk 0:00:31]} 31. Bg5 {[%clk 0:00:06]} Nd7
{[%clk 0:00:29]} 32. Rc2 {[%clk 0:00:07]} Nb6 {[%clk 0:00:29]} 33. Rcd2
{[%clk 0:00:08]} Nc4 34. Rd3 f6 {[%clk 0:00:25]} 35. Bf4 {[%clk 0:00:10]} g5
{[%clk 0:00:25]} 36. Bc1 {[%clk 0:00:11]} Rcd8 {[%clk 0:00:24]} 37. Qc2
{[%clk 0:00:09]} b5 {[%clk 0:00:25]} 38. d5 {[%clk 0:00:05]} cxd5
{[%clk 0:00:24]} 39. Rxd5 Rxd5 {[%clk 0:00:19]} 40. Rxd5 {[%clk 0:00:07]} Rc8
{[%clk 0:00:19]} 41. Qd1 {[%clk 0:00:04]} Ne5 {[%clk 0:00:16]} 42. Rd8+
{[%clk 0:00:05]} Rxd8 {[%clk 0:00:17]} 43. Qxd8+ {[%clk 0:00:05]} Kg7
{[%clk 0:00:19]} 44. Qc7+ {[%clk 0:00:06]} Kg6 {[%clk 0:00:19]} 45. Qc2
{[%clk 0:00:07]} Nxf3+ {[%clk 0:00:19]} 46. Kg2 {[%clk 0:00:08]} Ne1+
{[%clk 0:00:20]} 0-1

[Event "c14"]
[Site "?"]
[Date "2020.08.27"]
[Round "5.4"]
[White "Kolodziejski, Piotr"]
[Black "Klimkowski, Jan"]
[Result "0-1"]
[BlackElo "1902"]
[WhiteElo "1564"]
[LiveChessVersion "1.4.8"]

1. e4 {[%clk 0:03:03]} c5 {[%clk 0:03:04]} 2. Nf3 {[%clk 0:03:04]} d6
{[%clk 0:03:05]} 3. d4 {[%clk 0:03:04]} cxd4 {[%clk 0:03:06]} 4. Nxd4
{[%clk 0:03:05]} Nf6 {[%clk 0:03:08]} 5. Nc3 a6 6. Be2 {[%clk 0:03:06]} e6
{[%clk 0:03:10]} 7. Be3 {[%clk 0:03:05]} Be7 {[%clk 0:03:11]} 8. O-O
{[%clk 0:03:05]} O-O {[%clk 0:03:12]} 9. f3 {[%clk 0:03:04]} Qc7 {[%clk 0:03:12]}
10. Kh1 {[%clk 0:03:03]} b5 {[%clk 0:03:14]} 11. a3 {[%clk 0:02:51]} Bb7
{[%clk 0:03:14]} 12. Qd2 {[%clk 0:02:51]} Nbd7 {[%clk 0:03:15]} 13. Rad1
{[%clk 0:02:50]} Rfd8 {[%clk 0:03:15]} 14. g4 {[%clk 0:02:31]} Nb6
{[%clk 0:03:12]} 15. g5 {[%clk 0:02:22]} Nfd7 {[%clk 0:03:13]} 16. h4
{[%clk 0:02:12]} Rac8 {[%clk 0:03:10]} 17. f4 {[%clk 0:01:55]} Nc5
{[%clk 0:03:05]} 18. Bf3 {[%clk 0:01:26]} Nc4 {[%clk 0:03:06]} 19. Qc1
{[%clk 0:01:26]} Qb8 {[%clk 0:02:48]} 20. Bg1 {[%clk 0:01:11]} d5
{[%clk 0:02:19]} 21. e5 {[%clk 0:00:57]} Ne4 {[%clk 0:02:18]} 22. Nxe4
{[%clk 0:00:40]} dxe4 {[%clk 0:02:19]} 23. Bg2 {[%clk 0:00:35]} Bc5
{[%clk 0:02:09]} 24. c3 {[%clk 0:00:27]} Qa8 {[%clk 0:01:56]} 25. Be3 a5
{[%clk 0:01:53]} 26. Nc2 {[%clk 0:00:14]} Nxe3 {[%clk 0:01:51]} 27. Nxe3
{[%clk 0:00:14]} b4 {[%clk 0:01:51]} 28. Rxd8+ {[%clk 0:00:14]} Rxd8
{[%clk 0:01:51]} 29. axb4 {[%clk 0:00:14]} axb4 {[%clk 0:01:52]} 30. cxb4
{[%clk 0:00:10]} Bxb4 {[%clk 0:01:53]} 31. Rd1 {[%clk 0:00:11]} Rc8
{[%clk 0:01:51]} 32. Qb1 {[%clk 0:00:12]} Bc5 {[%clk 0:01:51]} 33. Re1
{[%clk 0:00:06]} Qa7 {[%clk 0:01:45]} 34. Nc4 {[%clk 0:00:03]} Bb4
{[%clk 0:01:40]} 35. Nd6 {[%clk 0:00:03]} Bxe1 {[%clk 0:01:25]} 36. Nxc8
{[%clk 0:00:04]} Qf2 {[%clk 0:01:25]} 37. Ne7+ {[%clk 0:00:00]} Kf8
{[%clk 0:01:25]} 0-1

[Event "c14"]
[Site "?"]
[Date "2020.08.27"]
[Round "5.5"]
[White "Paprocki, Antoni"]
[Black "Jeda, Maciej"]
[Result "1-0"]
[BlackElo "1550"]
[WhiteElo "1878"]
[LiveChessVersion "1.4.8"]

1. d4 Nf6 2. c4 g6 3. Nf3 Bg7 4. g3 O-O 5. Bg2 d6 6. O-O Nc6 7. Nc3 e5 8. dxe5
dxe5 9. Bg5 Qxd1 10. Rfxd1 Be6 11. Nd2 Na5 12. b3 h6 13. Bxf6 Bxf6 14. Nde4 Be7
15. Nb5 Rfc8 16. Rac1 a6 17. Nbc3 Nc6 18. Nd5 Bxd5 19. cxd5 Nd4 20. Kf1 Kf8 21.
Bh3 f5 22. Nd2 c6 23. e3 Nb5 24. Nc4 1-0

[Event "c14"]
[Site "?"]
[Date "2020.08.27"]
[Round "5.6"]
[White "Jarocki, Gabriel"]
[Black "Wojdak, Jan"]
[Result "0-1"]
[BlackElo "1772"]
[WhiteElo "1555"]
[LiveChessVersion "1.4.8"]

1. e4 {[%clk 0:03:03]} c5 {[%clk 0:03:04]} 2. c4 {[%clk 0:03:05]} Nc6
{[%clk 0:03:04]} 3. Nc3 {[%clk 0:03:06]} g6 {[%clk 0:03:05]} 4. f4
{[%clk 0:03:07]} Bg7 {[%clk 0:03:05]} 5. Nf3 d6 6. g3 {[%clk 0:03:09]} Nd4
{[%clk 0:03:04]} 7. Bg2 {[%clk 0:03:08]} e5 {[%clk 0:03:02]} 8. d3
{[%clk 0:03:08]} Ne7 {[%clk 0:03:02]} 9. Nxd4 {[%clk 0:03:05]} cxd4
{[%clk 0:03:03]} 10. Ne2 {[%clk 0:03:06]} O-O {[%clk 0:02:59]} 11. O-O
{[%clk 0:03:06]} f5 {[%clk 0:02:56]} 12. b4 {[%clk 0:02:48]} fxe4
{[%clk 0:02:52]} 13. Bxe4 {[%clk 0:02:49]} Qc7 {[%clk 0:02:11]} 14. fxe5
{[%clk 0:02:39]} dxe5 {[%clk 0:02:11]} 15. Rxf8+ {[%clk 0:02:39]} Bxf8
{[%clk 0:02:11]} 16. Bg5 {[%clk 0:02:29]} Bg7 {[%clk 0:02:11]} 17. Qd2
{[%clk 0:02:24]} Nf5 {[%clk 0:02:10]} 18. Rf1 {[%clk 0:01:48]} Be6
{[%clk 0:02:11]} 19. Bxf5 {[%clk 0:01:43]} Bxf5 {[%clk 0:02:12]} 20. Bh6
{[%clk 0:01:44]} Bxh6 21. Qxh6 {[%clk 0:01:44]} Qg7 {[%clk 0:01:57]} 22. Qd2
{[%clk 0:01:44]} Re8 {[%clk 0:01:54]} 23. c5 Qd7 {[%clk 0:01:50]} 24. a3
{[%clk 0:01:10]} Be6 {[%clk 0:01:33]} 25. Nc1 {[%clk 0:01:05]} Bd5
{[%clk 0:01:34]} 26. Qf2 {[%clk 0:01:01]} Qe7 {[%clk 0:01:27]} 27. Ne2
{[%clk 0:00:57]} Qf7 {[%clk 0:01:08]} 28. Qxf7+ {[%clk 0:00:51]} Bxf7
{[%clk 0:01:09]} 29. h3 {[%clk 0:00:51]} Rd8 {[%clk 0:00:53]} 30. Rd1
{[%clk 0:00:49]} Bb3 {[%clk 0:00:50]} 31. Rd2 {[%clk 0:00:50]} Kf7
{[%clk 0:00:47]} 32. Nc1 {[%clk 0:00:51]} Ba4 {[%clk 0:00:48]} 33. Kf2
{[%clk 0:00:50]} Ke6 {[%clk 0:00:49]} 34. Re2 {[%clk 0:00:46]} Kd5
{[%clk 0:00:50]} 35. g4 {[%clk 0:00:44]} Rf8+ {[%clk 0:00:49]} 36. Kg2
{[%clk 0:00:45]} Bc6 {[%clk 0:00:46]} 37. Nb3 {[%clk 0:00:35]} Ba4
{[%clk 0:00:45]} 38. Nd2 {[%clk 0:00:35]} Bb5 {[%clk 0:00:45]} 39. Nf3
{[%clk 0:00:33]} Re8 {[%clk 0:00:46]} 40. Ne1 {[%clk 0:00:32]} e4
{[%clk 0:00:44]} 41. Rd2 {[%clk 0:00:26]} exd3 {[%clk 0:00:39]} 42. Nxd3
{[%clk 0:00:27]} Kc4 {[%clk 0:00:36]} 43. Nf4 {[%clk 0:00:21]} Kc3
{[%clk 0:00:37]} 44. Rd1 {[%clk 0:00:21]} d3 {[%clk 0:00:32]} 45. Nd5+
{[%clk 0:00:22]} Kc2 {[%clk 0:00:33]} 46. Rg1 {[%clk 0:00:20]} Bc6
{[%clk 0:00:32]} 47. Nf6 {[%clk 0:00:17]} 0-1

[Event "c14"]
[Site "?"]
[Date "2020.08.27"]
[Round "5.7"]
[White "Herwy, Jakub"]
[Black "Starosciak, Szymon"]
[Result "1/2-1/2"]
[BlackElo "1525"]
[WhiteElo "1741"]
[LiveChessVersion "1.4.8"]

1. e4 c5 2. d3 Nc6 3. Be2 g6 4. f4 Bg7 5. Nf3 d6 6. O-O e6 7. c3 Nge7 8. Be3 O-O
9. a4 Rb8 10. Na3 a6 11. Rb1 b5 12. axb5 axb5 13. Qd2 b4 14. Nc2 bxc3 15. bxc3
Rxb1 16. Rxb1 Qa5 17. d4 cxd4 18. cxd4 Qxd2 19. Bxd2 d5 20. e5 Bd7 21. Rb7 Rd8
22. Nb4 Bf8 23. Bb5 Nxb4 24. Bxb4 Bxb5 25. Bxe7 Ba6 26. Ra7 Bxe7 27. Rxe7 h6 28.
h4 Be2 29. Nd2 Rc8 30. Kf2 Bd3 31. Ra7 Rc1 32. Ra3 Bf5 33. Re3 {[%clk 0:00:00]}
Rc2 34. Ke1 Bg4 35. g3 Rc1+ 36. Kf2 Rd1 37. Rd3 Bf5 38. Ke2 Bxd3+ 39. Kxd1 Kg7
40. Nf3 Bf5 41. Kd2 Be4 42. Nh2 g5 43. hxg5 hxg5 44. Ke3 gxf4+ 45. gxf4 Kg6 46.
Ng4 Bf5 47. Nf6 Kg7 48. Kd2 Kf8 49. Kc3 Ke7 50. Kb4 Bd3 51. Kc5 Bf5 52. Kc6 Bc2
53. Kc7 Ba4 54. Ng8+ Kf8 55. Nf6 Ke7 56. Kc8 Bb5 57. Kb7 Ba4 58. Kc7 Bb5 59. Kb6
Ba4 60. Ka5 Bc2 61. Kb6 Bb3 62. Kc7 Ba4 1/2-1/2

[Event "c14"]
[Site "?"]
[Date "2020.08.27"]
[Round "5.8"]
[White "Backiel, Hubert"]
[Black "Malek, Jan"]
[Result "0-1"]
[BlackElo "1703"]
[WhiteElo "1547"]
[LiveChessVersion "1.4.8"]

1. e4 {[%clk 0:03:03]} d6 {[%clk 0:03:04]} 2. d4 {[%clk 0:03:03]} Nf6
{[%clk 0:03:04]} 3. Nc3 {[%clk 0:03:05]} Nbd7 {[%clk 0:03:05]} 4. Nf3
{[%clk 0:03:01]} e5 {[%clk 0:03:05]} 5. Bc4 {[%clk 0:02:59]} Be7 {[%clk 0:03:06]}
6. O-O {[%clk 0:02:59]} O-O {[%clk 0:03:05]} 7. h3 c6 8. Be3 {[%clk 0:02:51]} b5
{[%clk 0:03:07]} 9. Bb3 {[%clk 0:02:49]} b4 {[%clk 0:03:08]} 10. Ne2
{[%clk 0:02:27]} Nxe4 {[%clk 0:03:06]} 11. dxe5 {[%clk 0:02:23]} dxe5
{[%clk 0:03:07]} 12. Qd3 {[%clk 0:02:08]} Nef6 {[%clk 0:02:51]} 13. Qc4
{[%clk 0:01:55]} Qc7 {[%clk 0:02:39]} 14. Ng3 {[%clk 0:01:43]} Nb6
{[%clk 0:02:37]} 15. Bxb6 {[%clk 0:01:29]} axb6 {[%clk 0:02:38]} 16. Rfe1
{[%clk 0:01:17]} Ra5 {[%clk 0:02:28]} 17. Rad1 {[%clk 0:01:01]} Be6
{[%clk 0:02:20]} 18. Qe2 {[%clk 0:01:02]} Bxb3 {[%clk 0:02:20]} 19. axb3
{[%clk 0:01:03]} Bc5 {[%clk 0:02:16]} 20. Ne4 {[%clk 0:00:26]} Nxe4
{[%clk 0:02:07]} 21. Qxe4 {[%clk 0:00:26]} Re8 {[%clk 0:02:06]} 22. Nd2
{[%clk 0:00:14]} Raa8 {[%clk 0:01:38]} 23. Nc4 {[%clk 0:00:08]} f6
{[%clk 0:01:38]} 24. Kf1 {[%clk 0:00:05]} b5 {[%clk 0:01:37]} 25. Ne3
{[%clk 0:00:05]} Rad8 {[%clk 0:01:37]} 26. Nf5 {[%clk 0:00:03]} g6
{[%clk 0:01:33]} 27. Nh6+ {[%clk 0:00:00]} 0-1

[Event "c14"]
[Site "?"]
[Date "2020.08.27"]
[Round "5.9"]
[White "Malinowski, Szymon"]
[Black "Zalega, Maciej"]
[Result "1-0"]
[BlackElo "1479"]
[WhiteElo "1663"]
[LiveChessVersion "1.4.8"]

1. d4 d5 2. Nf3 {[%clk 0:02:59]} e6 {[%clk 0:03:03]} 3. Bf4 {[%clk 0:03:00]} Bd6
{[%clk 0:03:03]} 4. Bg3 {[%clk 0:03:01]} f5 {[%clk 0:02:58]} 5. e3
{[%clk 0:03:01]} Nf6 {[%clk 0:02:58]} 6. Nbd2 {[%clk 0:03:00]} O-O
{[%clk 0:02:57]} 7. Ne5 {[%clk 0:03:00]} Nbd7 {[%clk 0:02:49]} 8. Ndf3
{[%clk 0:02:56]} Ne4 {[%clk 0:02:47]} 9. Bd3 {[%clk 0:01:44]} Nxg3
{[%clk 0:01:57]} 10. hxg3 {[%clk 0:01:45]} Bxe5 {[%clk 0:01:57]} 11. Nxe5
{[%clk 0:01:45]} Nxe5 {[%clk 0:01:58]} 12. dxe5 {[%clk 0:01:46]} c5
{[%clk 0:01:55]} 13. Qh5 {[%clk 0:01:36]} h6 {[%clk 0:01:06]} 14. O-O-O
{[%clk 0:01:31]} Qe8 {[%clk 0:01:05]} 15. Qh4 {[%clk 0:01:20]} c4
{[%clk 0:01:02]} 16. Be2 {[%clk 0:01:19]} Qa4 {[%clk 0:00:47]} 17. Kb1
{[%clk 0:01:11]} b5 {[%clk 0:00:19]} 18. g4 {[%clk 0:00:35]} b4 {[%clk 0:00:09]}
19. g5 {[%clk 0:00:35]} b3 {[%clk 0:00:08]} 20. axb3 {[%clk 0:00:34]} Qa5
{[%clk 0:00:08]} 21. gxh6 {[%clk 0:00:35]} cxb3 {[%clk 0:00:07]} 22. cxb3
{[%clk 0:00:35]} Rb8 {[%clk 0:00:08]} 23. hxg7 {[%clk 0:00:35]} Kxg7
{[%clk 0:00:05]} 24. Qh7# 1-0

[Event "c14"]
[Site "?"]
[Date "2020.08.27"]
[Round "5.10"]
[White "Jedraszek, Pawel"]
[Black "Trzebinski, Patryk"]
[Result "1-0"]
[BlackElo "1657"]
[WhiteElo "1490"]
[LiveChessVersion "1.4.8"]

1. e4 {[%clk 0:03:03]} c5 {[%clk 0:03:03]} 2. Nf3 {[%clk 0:03:05]} d6 3. d4 cxd4
{[%clk 0:03:05]} 4. Nxd4 {[%clk 0:03:07]} Nf6 {[%clk 0:03:06]} 5. Nc3
{[%clk 0:03:09]} g6 {[%clk 0:03:07]} 6. Be3 {[%clk 0:03:10]} Bg7 {[%clk 0:03:08]}
7. f3 {[%clk 0:03:11]} O-O {[%clk 0:03:08]} 8. Qd2 {[%clk 0:03:12]} Nc6
{[%clk 0:03:09]} 9. g4 {[%clk 0:03:13]} Ne5 {[%clk 0:02:47]} 10. O-O-O
{[%clk 0:03:09]} Be6 {[%clk 0:02:36]} 11. h4 {[%clk 0:03:06]} h5 {[%clk 0:02:27]}
12. g5 {[%clk 0:03:02]} Nfd7 {[%clk 0:02:28]} 13. f4 {[%clk 0:03:02]} Nc4
{[%clk 0:02:24]} 14. Bxc4 {[%clk 0:03:01]} Bxc4 {[%clk 0:02:25]} 15. f5
{[%clk 0:03:00]} b5 {[%clk 0:01:41]} 16. Nc6 {[%clk 0:02:37]} Qe8
{[%clk 0:01:15]} 17. Bd4 {[%clk 0:02:35]} Rc8 {[%clk 0:00:33]} 18. Nxa7
{[%clk 0:02:30]} Ra8 {[%clk 0:00:20]} 19. b3 {[%clk 0:02:29]} b4 {[%clk 0:00:18]}
20. Bxg7 {[%clk 0:01:42]} Kxg7 {[%clk 0:00:18]} 21. Nd5 {[%clk 0:01:24]} Bxd5
{[%clk 0:00:16]} 22. Qxd5 {[%clk 0:01:25]} Ne5 {[%clk 0:00:13]} 23. f6+
{[%clk 0:01:20]} exf6 {[%clk 0:00:10]} 24. gxf6+ {[%clk 0:01:21]} Kh7
{[%clk 0:00:11]} 25. Nb5 {[%clk 0:01:14]} Rxa2 {[%clk 0:00:12]} 26. Nxd6
{[%clk 0:01:11]} Qa8 {[%clk 0:00:08]} 27. Qxe5 {[%clk 0:01:05]} Qa3+
{[%clk 0:00:08]} 28. Kd2 {[%clk 0:00:58]} Qxb3 {[%clk 0:00:09]} 29. Qc5
{[%clk 0:00:37]} Rd8 {[%clk 0:00:08]} 30. Rc1 {[%clk 0:00:33]} Qf3
{[%clk 0:00:09]} 31. Qc7 {[%clk 0:00:28]} Qf4+ {[%clk 0:00:10]} 32. Ke2
{[%clk 0:00:25]} Qg4+ {[%clk 0:00:08]} 33. Kf1 {[%clk 0:00:22]} Rd7
{[%clk 0:00:08]} 34. Qc4 {[%clk 0:00:20]} Qf3+ {[%clk 0:00:09]} 35. Kg1
{[%clk 0:00:20]} Qg3+ {[%clk 0:00:09]} 36. Kf1 {[%clk 0:00:21]} Rxd6
{[%clk 0:00:07]} 37. Qxf7+ {[%clk 0:00:22]} 1-0

[Event "c14"]
[Site "?"]
[Date "2020.08.27"]
[Round "5.11"]
[White "Taranowicz, Michal"]
[Black "Kusiak, Mateusz"]
[Result "0-1"]
[BlackElo "1633"]
[WhiteElo "1433"]
[LiveChessVersion "1.4.8"]

1. e4 c5 2. Nf3 Nc6 3. d4 cxd4 4. Nxd4 g6 5. Be3 Bg7 6. Nc3 Nf6 7. Be2 O-O 8. O-O
d5 9. Nxc6 bxc6 10. exd5 Nxd5 11. Nxd5 cxd5 12. c3 Rb8 13. Qd2 a5 14. Bf3 Ba6 15.
Rfd1 e6 16. Rac1 Qe7 17. b3 a4 18. b4 Bc4 19. Bc5 Qh4 20. Bxf8 Kxf8 21. a3 Bh6
22. Qe1 Bxc1 23. Rxc1 Qf6 24. Qe3 Kg8 25. Rd1 Bb3 26. Rd3 Rc8 27. g3 Bc2 28. Rd2
Rxc3 29. Qe2 Qxf3 30. Rxc2 Qxe2 31. Rxe2 Rxa3 32. Rc2 Rb3 33. Rc8+ Kg7 34. Ra8
Rxb4 35. Kg2 d4 36. Kf3 Rb3+ 37. Ke4 Rb2 38. Rxa4 Rxf2 39. h4 Rg2 40. Kf3 Rd2 41.
Ra7 Rd3+ 42. Kf2 e5 43. Rd7 e4 44. Rd6 e3+ 45. Ke2 Rd2+ 46. Kf3 Rf2+ 47. Ke4 e2
48. Kxd4 e1=Q 0-1

[Event "c14"]
[Site "?"]
[Date "2020.08.27"]
[Round "6.1"]
[White "Fiszer, Bartosz"]
[Black "Wieczorek, Mikolaj"]
[Result "1-0"]
[BlackElo "1452"]
[WhiteElo "1905"]
[LiveChessVersion "1.4.8"]

1. a3 {[%clk 0:03:03]} d5 {[%clk 0:03:00]} 2. b4 {[%clk 0:03:04]} e5
{[%clk 0:03:00]} 3. Bb2 {[%clk 0:03:05]} Nd7 {[%clk 0:02:59]} 4. e3
{[%clk 0:03:04]} Ngf6 {[%clk 0:02:53]} 5. Nf3 {[%clk 0:03:04]} Bd6
{[%clk 0:02:54]} 6. d4 {[%clk 0:03:01]} e4 {[%clk 0:02:55]} 7. Nfd2
{[%clk 0:03:02]} O-O {[%clk 0:02:54]} 8. c4 {[%clk 0:03:03]} c6 {[%clk 0:02:53]}
9. Nc3 {[%clk 0:03:04]} a5 {[%clk 0:02:44]} 10. b5 {[%clk 0:03:02]} dxc4
{[%clk 0:01:59]} 11. Nxc4 {[%clk 0:03:01]} Be7 {[%clk 0:01:54]} 12. Be2
{[%clk 0:02:52]} Nb6 {[%clk 0:01:46]} 13. O-O {[%clk 0:02:10]} Be6
{[%clk 0:01:39]} 14. Nd2 {[%clk 0:02:09]} Bd5 {[%clk 0:01:26]} 15. Nxd5
{[%clk 0:01:49]} cxd5 {[%clk 0:01:22]} 16. Rc1 {[%clk 0:01:43]} Qd7
{[%clk 0:01:19]} 17. Qb3 {[%clk 0:00:55]} Rfc8 {[%clk 0:01:12]} 18. Rxc8+
{[%clk 0:00:54]} Rxc8 {[%clk 0:01:13]} 19. Rc1 {[%clk 0:00:53]} Rxc1+
{[%clk 0:01:11]} 20. Bxc1 {[%clk 0:00:53]} Qc7 {[%clk 0:01:11]} 21. Bb2
{[%clk 0:00:48]} Bd6 {[%clk 0:01:04]} 22. g3 {[%clk 0:00:48]} a4 {[%clk 0:00:39]}
23. Qd1 {[%clk 0:00:35]} Qe7 {[%clk 0:00:38]} 24. Nb1 {[%clk 0:00:29]} Qc7
{[%clk 0:00:32]} 25. Qc1 {[%clk 0:00:15]} Qxc1+ 26. Bxc1 {[%clk 0:00:16]} Nc4
{[%clk 0:00:30]} 27. Bxc4 {[%clk 0:00:14]} dxc4 {[%clk 0:00:30]} 28. Nc3
{[%clk 0:00:15]} Kf8 {[%clk 0:00:25]} 29. Kf1 {[%clk 0:00:10]} Ke7
{[%clk 0:00:25]} 30. Ke2 {[%clk 0:00:11]} Ke6 {[%clk 0:00:23]} 31. Nxa4
{[%clk 0:00:10]} Nd5 {[%clk 0:00:22]} 32. Kd2 {[%clk 0:00:10]} Nc7
{[%clk 0:00:18]} 33. Nc3 {[%clk 0:00:10]} Nd5 {[%clk 0:00:16]} 34. Nxe4
{[%clk 0:00:07]} Bc7 {[%clk 0:00:15]} 35. Bb2 {[%clk 0:00:05]} b6
{[%clk 0:00:12]} 36. Nc3 {[%clk 0:00:05]} Bb8 {[%clk 0:00:10]} 37. Nxd5
{[%clk 0:00:05]} Kxd5 {[%clk 0:00:11]} 38. f3 {[%clk 0:00:06]} f5
{[%clk 0:00:12]} 39. Bc3 {[%clk 0:00:07]} Bd6 {[%clk 0:00:13]} 40. Bb4
{[%clk 0:00:08]} Bxb4+ {[%clk 0:00:11]} 41. axb4 {[%clk 0:00:09]} g5
{[%clk 0:00:12]} 42. Kc3 {[%clk 0:00:09]} h5 {[%clk 0:00:12]} 43. h3
{[%clk 0:00:08]} g4 {[%clk 0:00:10]} 44. hxg4 {[%clk 0:00:08]} hxg4
{[%clk 0:00:11]} 45. fxg4 {[%clk 0:00:06]} fxg4 {[%clk 0:00:12]} 46. Kc2
{[%clk 0:00:06]} Ke4 {[%clk 0:00:09]} 47. Kd2 {[%clk 0:00:07]} c3+
{[%clk 0:00:03]} 48. Kxc3 {[%clk 0:00:08]} Kxe3 {[%clk 0:00:04]} 49. d5
{[%clk 0:00:09]} Kf3 {[%clk 0:00:05]} 50. d6 {[%clk 0:00:11]} Kxg3
{[%clk 0:00:06]} 51. d7 {[%clk 0:00:12]} 1-0

[Event "c14"]
[Site "?"]
[Date "2020.08.27"]
[Round "6.2"]
[White "Myrmus, Mateusz"]
[Black "Chyzy, Jakub"]
[Result "0-1"]
[BlackElo "2005"]
[WhiteElo "1434"]
[LiveChessVersion "1.4.8"]

1. e4 Nf6 2. e5 {[%clk 0:03:04]} Nd5 {[%clk 0:03:05]} 3. d4 {[%clk 0:03:05]} d6
{[%clk 0:03:07]} 4. Nf3 {[%clk 0:03:06]} Bg4 5. Be2 {[%clk 0:03:05]} c6
{[%clk 0:03:08]} 6. O-O {[%clk 0:03:02]} Bxf3 {[%clk 0:03:10]} 7. Bxf3
{[%clk 0:03:01]} dxe5 {[%clk 0:03:11]} 8. dxe5 {[%clk 0:03:02]} e6
{[%clk 0:03:13]} 9. a3 {[%clk 0:02:41]} Nd7 {[%clk 0:03:06]} 10. Re1
{[%clk 0:02:41]} Qc7 {[%clk 0:03:04]} 11. Qe2 {[%clk 0:02:39]} O-O-O
{[%clk 0:02:50]} 12. c4 {[%clk 0:02:38]} Ne7 {[%clk 0:02:51]} 13. Nc3
{[%clk 0:02:35]} Ng6 14. b4 {[%clk 0:02:13]} Ndxe5 {[%clk 0:02:40]} 15. b5
{[%clk 0:02:00]} Bc5 {[%clk 0:02:20]} 16. bxc6 {[%clk 0:01:40]} Nxf3+
{[%clk 0:02:16]} 17. Qxf3 {[%clk 0:01:39]} Qxc6 {[%clk 0:02:17]} 18. Qe2
{[%clk 0:01:19]} Bd4 {[%clk 0:02:09]} 19. Bd2 {[%clk 0:01:08]} Kb8
{[%clk 0:02:00]} 20. Rab1 {[%clk 0:01:06]} e5 {[%clk 0:01:40]} 21. Nd5
{[%clk 0:00:55]} Rhe8 {[%clk 0:01:36]} 22. Rb3 {[%clk 0:00:51]} Nf4
{[%clk 0:01:21]} 23. Qf1 {[%clk 0:00:39]} Nxd5 {[%clk 0:01:20]} 24. cxd5
{[%clk 0:00:39]} Qxd5 {[%clk 0:01:20]} 25. Reb1 {[%clk 0:00:40]} Rd7
{[%clk 0:01:14]} 26. Bb4 {[%clk 0:00:27]} Rc8 {[%clk 0:01:07]} 27. a4
{[%clk 0:00:27]} e4 {[%clk 0:00:54]} 28. Kh1 {[%clk 0:00:16]} Qc4
{[%clk 0:00:47]} 29. Qe1 {[%clk 0:00:13]} f5 {[%clk 0:00:37]} 30. a5
{[%clk 0:00:08]} Ka8 {[%clk 0:00:39]} 31. a6 {[%clk 0:00:07]} Qxa6
{[%clk 0:00:36]} 32. Ra3 {[%clk 0:00:07]} Qc4 {[%clk 0:00:31]} 33. Bd2
{[%clk 0:00:03]} Qe6 {[%clk 0:00:25]} 0-1